Španielska obchodná korešpondencia

Na minha lista:
Detalhes bibliográficos
Autor principal: Džurná, Silvia
Formato: Livro
Idioma:eslovaco
espanhol
Publicado em: Bratislava SOFA 1993
Edição:1. vyd.
Colecção:Edícia pre ekonomické a hospodárske poradenstvo
Assuntos:
Tags: Adicionar Tag
Sem tags, seja o primeiro a adicionar uma tag!

MARC

LEADER 00000nam a2200000 4500
001 c005174
005 20221214083000.8
020 |a 80-85752-08-5 
041 0 |a slo 
041 0 |a spa 
044 |a SK 
245 1 0 |a Španielska obchodná korešpondencia  |c Silvia Džurná 
250 |a 1. vyd. 
264 1 |a Bratislava  |b SOFA  |c 1993 
300 |a 190 s. 
490 1 |a Edícia pre ekonomické a hospodárske poradenstvo 
830 0 |a Edícia pre ekonomické a hospodárske poradenstvo 
610 2 0 |a korešpondencia 
610 2 0 |a španielčina 
610 2 0 |a obchod 
100 1 |a Džurná, Silvia